[Event "3rd 4NCL Easter Congress"]
[Site "Mercure Daventry Court Hotel"]
[Date "2023.04.08"]
[Round "2"]
[Board "2"]
[White "White, Stuart A"]
[Black "Hebden, Mark L"]
[Result "0-1"]
[WhiteElo "2051"]
[BlackElo "2430"]
[PlyCount "144"]
[EventDate "2023.04.07"]
[EventRounds "7"]
[EventCountry "ENG"]

1. d4 Nf6 2. c4 g6 3. Nc3 Bg7 4. e4 d6 5. h3 O-O 6. Be3 e5 7. d5 Na6 8. g4 Nc5 9.
f3 a5 10. Qd2 c6 11. Nge2 cxd5 12. cxd5 a4 13. Ng3 h5 14. gxh5 Nxh5 15. Nxh5 Qh4+
16. Qf2 Qxh5 17. Bxc5 dxc5 18. O-O-O Bd7 19. Bb5 Bxb5 20. Nxb5 a3 21. Nxa3 f5 22.
Qg2 c4 23. Kb1 c3 24. Nb5 cxb2 25. Kxb2 fxe4 26. fxe4 Ra4 27. Nc3 Rb4+ 28. Ka1 Rc4
29. Rd3 Rfc8 30. Qg3 Rd4 31. Rb1 Bf6 32. Rf3 Bh4 33. Qg4 Qxg4 34. hxg4 Rdc4 35. Rb3
Be7 36. Kb2 Bb4 37. Rd3 b6 38. d6 Kg7 39. a3 Bc5 40. d7 Rd8 41. Rd5 Bd4 42. Kc2 Rc7
43. Kd3 Rcxd7 44. Rxd7+ Rxd7 45. Nd5 Kh6 46. Ke2 Kg5 47. Kf3 Rf7+ 48. Kg3 Rf1 49.
Rf3 Rg1+ 50. Kh3 Re1 51. Nf6 Be3 52. Nh7+ Kh6 53. Nf6 Bf4 54. Nd5 Rxe4 55. Kg2 Kg5
56. Nxb6 Kxg4 57. Rb3 Re2+ 58. Kf1 Ra2 59. Nd5 g5 60. Nc3 Ra1+ 61. Kg2 Kf5 62. Nb5
e4 63. Nd4+ Kg4 64. Ne6 Ra2+ 65. Kf1 e3 66. Nd4 Rf2+ 67. Ke1 Rd2 68. Ne2 Kf3 69.
Ng1+ Ke4 70. Ne2 Bh2 71. Rb4+ Kf3 72. Nd4+ Rxd4  0-1

[Event "3rd 4NCL Easter Congress"]
[Site "Mercure Daventry Court Hotel"]
[Date "2023.04.08"]
[Round "2"]
[Board "3"]
[White "Davies, Nigel R"]
[Black "Nawalaniec, Adam"]
[Result "1-0"]
[WhiteElo "2381"]
[BlackElo "1812"]
[PlyCount "53"]
[EventDate "2023.04.07"]
[EventRounds "7"]
[EventCountry "ENG"]

1. d4 Nf6 2. Nf3 d5 3. c4 e6 4. Nc3 Bb4 5. cxd5 exd5 6. Qa4+ Nc6 7. Bg5 Bd7 8. Qc2
h6 9. Bxf6 Qxf6 10. e3 O-O 11. a3 Bxc3+ 12. Qxc3 Qd6 13. Bd3 a5 14. O-O Ne7 15. Rfc1
c6 16. b4 axb4 17. axb4 Bf5 18. Bf1 Bd7 19. Qc5 Qe6 20. Qb6 Rab8 21. b5 Rfc8 22.
Ne5 Be8 23. Rab1 cxb5 24. Rxc8 Nxc8 25. Qd8 Kh7 26. Bd3+ f5 27. g4  1-0

[Event "3rd 4NCL Easter Congress"]
[Site "Mercure Daventry Court Hotel"]
[Date "2023.04.08"]
[Round "2"]
[Board "4"]
[White "Zakarian, Dimitrios Levon"]
[Black "Turner, Max N"]
[Result "0-1"]
[WhiteElo "1977"]
[BlackElo "2264"]
[PlyCount "68"]
[EventDate "2023.04.07"]
[EventRounds "7"]
[EventCountry "ENG"]

1. d4 Nf6 2. Nf3 e6 3. c4 b6 4. g3 Bb4+ 5. Bd2 a5 6. Bg2 Bb7 7. O-O O-O 8. a3 Bxd2
9. Qxd2 d6 10. Nc3 Ne4 11. Nxe4 Bxe4 12. Nh4 Bxg2 13. Nxg2 a4 14. Rad1 Qe7 15. e4
Nc6 16. Ne3 Na5 17. d5 Nb3 18. Qc2 Nc5 19. Rfe1 e5 20. Nf5 Qf6 21. Qe2 Rae8 22. h4
g6 23. Nh6+ Kh8 24. Ng4 Qg7 25. f3 f5 26. Nf2 Nb3 27. Rf1 Nd4 28. Qd3 g5 29. h5 g4
30. fxg4 fxg4 31. Kg2 Rf3 32. Qd2 Ref8 33. Nd3 Qf7 34. Rf2 Rxd3  0-1

[Event "3rd 4NCL Easter Congress"]
[Site "Mercure Daventry Court Hotel"]
[Date "2023.04.08"]
[Round "2"]
[Board "5"]
[White "Okhai, Shabir"]
[Black "Miller, George I"]
[Result "1-0"]
[WhiteElo "2127"]
[BlackElo "1841"]
[PlyCount "68"]
[EventDate "2023.04.07"]
[EventRounds "7"]
[EventCountry "ENG"]

1. e4 e5 2. Nf3 Nc6 3. Bc4 Nf6 4. d3 Be7 5. O-O O-O 6. Re1 d6 7. a4 Na5 8. Ba2 c5
9. c3 Nc6 10. Na3 Be6 11. Bxe6 fxe6 12. Bd2 h6 13. b4 cxb4 14. cxb4 Nh7 15. b5 Nd4
16. Nxd4 exd4 17. e5 Rf5 18. Nc4 d5 19. Na5 Qb8 20. Qe2 a6 21. bxa6 Rxa6 22. Rab1
Qa8 23. Nxb7 Rxa4 24. Nd6 Bxd6 25. exd6 Nf8 26. Qg4 Rf6 27. Bf4 Qa7 28. Be5 Rg6 29.
Qh4 Rg5 30. Qh3 Ra2 31. Bg3 Qf7 32. Rb8 Kh7 33. Rc8 Ng6 34. Rc7 Nf4  1-0

[Event "3rd 4NCL Easter Congress"]
[Site "Mercure Daventry Court Hotel"]
[Date "2023.04.08"]
[Round "2"]
[Board "6"]
[White "Dignam, Matthew P"]
[Black "Headlong, Georgia"]
[Result "1-0"]
[WhiteElo "2057"]
[BlackElo "1694"]
[PlyCount "77"]
[EventDate "2023.04.07"]
[EventRounds "7"]
[EventCountry "ENG"]

1. d4 Nf6 2. g3 e6 3. Bg2 d5 4. Nf3 Be7 5. O-O O-O 6. c4 c6 7. Nc3 b6 8. Ne5 Bb7
9. e4 Nbd7 10. Nxc6 Bxc6 11. exd5 exd5 12. cxd5 Nxd5 13. Nxd5 Rc8 14. Nxe7+ Qxe7
15. d5 Bb5 16. Re1 Qf6 17. Be3 Rfd8 18. Bd4 Qd6 19. Bc3 Ba6 20. Qd4 Nf6 21. Bb4 Qd7
22. Be7 Rc4 23. Qd2 Rb8 24. Bxf6 gxf6 25. Bf1 Ra4 26. Bxa6 Rxa6 27. Qf4 Qd8 28. d6
b5 29. d7 Re6 30. Qg4+ Kf8 31. Rxe6 fxe6 32. Qxe6 Qe7 33. Qc6 Rd8 34. Rd1 b4 35.
Rd6 Kg7 36. Kg2 Kf7 37. Qc4+ Kg7 38. Qxb4 Rxd7 39. Qg4+  1-0

[Event "3rd 4NCL Easter Congress"]
[Site "Mercure Daventry Court Hotel"]
[Date "2023.04.08"]
[Round "2"]
[Board "7"]
[White "Pal, Rohan"]
[Black "Dilley, Jason M"]
[Result "1-0"]
[WhiteElo "1849"]
[BlackElo "2090"]
[PlyCount "71"]
[EventDate "2023.04.07"]
[EventRounds "7"]
[EventCountry "ENG"]

1. c4 e5 2. Nc3 Nf6 3. g3 d5 4. cxd5 Nxd5 5. Bg2 Nxc3 6. bxc3 Bd6 7. Nf3 O-O 8. d4
exd4 9. cxd4 Bb4+ 10. Bd2 Qe7 11. O-O Bxd2 12. Qxd2 c6 13. Rfe1 Nd7 14. e4 Rd8 15.
Qc2 Nf8 16. d5 cxd5 17. exd5 Qd6 18. Nd4 Bd7 19. Rab1 Rac8 20. Qd3 Rc7 21. Rec1 Rdc8
22. Rxc7 Qxc7 23. h4 Ng6 24. Qb3 b6 25. Nc6 Bf5 26. Rd1 Qd6 27. Re1 h5 28. Bf3 Rc7
29. Bxh5 Ne7 30. Bf3 Nxc6 31. dxc6 Be6 32. Qe3 Bxa2 33. Rd1 Qe6 34. Qg5 f6 35. Rd8+
Kf7 36. Qh5+  1-0

[Event "3rd 4NCL Easter Congress"]
[Site "Mercure Daventry Court Hotel"]
[Date "2023.04.08"]
[Round "2"]
[Board "8"]
[White "Estevez Fernandez, Josue"]
[Black "Valdepenas Octavio, Javier"]
[Result "0-1"]
[WhiteElo "1832"]
[BlackElo "2210"]
[PlyCount "86"]
[EventDate "2023.04.07"]
[EventRounds "7"]
[EventCountry "ENG"]

1. e4 c5 2. Nf3 d6 3. Bb5+ Nc6 4. O-O Bd7 5. Re1 e5 6. c3 g5 7. Kh1 Bg7 8. Na3 g4
9. Ng1 Nge7 10. Nc4 Qc7 11. Ne3 h5 12. a4 Be6 13. d4 exd4 14. cxd4 Bxd4 15. Ne2 Be5
16. Nc3 a6 17. Bxc6+ bxc6 18. a5 Rd8 19. Qa4 O-O 20. Nc4 Bd4 21. Bf4 Ng6 22. Be3
Rb8 23. Nb6 Be5 24. Rad1 Ne7 25. f4 gxf3 26. gxf3 Ng6 27. Rg1 Bg7 28. f4 Bg4 29.
Rdf1 Qe7 30. Qc4 Kh7 31. Qxa6 Bxc3 32. e5 Bd4 33. Qd3 Bxe3 34. Qxe3 f5 35. h3 Qh4
36. Kg2 dxe5 37. hxg4 Nxf4+ 38. Rxf4 exf4 39. Qf3 fxg4 40. Qe4+ Kh6 41. Qxc6+ Qf6
42. Qxf6+ Rxf6 43. Nd7 Rxb2+  0-1

[Event "3rd 4NCL Easter Congress"]
[Site "Mercure Daventry Court Hotel"]
[Date "2023.04.08"]
[Round "2"]
[Board "9"]
[White "Shearsby, Jude"]
[Black "Moss, Jack O"]
[Result "1-0"]
[WhiteElo "2041"]
[BlackElo "1814"]
[PlyCount "87"]
[EventDate "2023.04.07"]
[EventRounds "7"]
[EventCountry "ENG"]

1. e4 e5 2. Nf3 Nc6 3. Bb5 Nge7 4. Nc3 Ng6 5. h4 Nd4 6. h5 Nf4 7. g3 Nxf3+ 8. Qxf3
Ne6 9. Bc4 c6 10. a4 Qf6 11. Qxf6 gxf6 12. Nd1 Nd4 13. Ne3 Bh6 14. Kd1 d6 15. d3
Be6 16. c3 Bxe3 17. Bxe3 Bxc4 18. dxc4 Nb3 19. Rb1 Ke7 20. f3 a5 21. Kc2 Nc5 22.
b3 Rhg8 23. g4 Kd7 24. Rbd1 Kc7 25. Rd2 Rad8 26. Rhd1 Ne6 27. b4 axb4 28. cxb4 c5
29. Rd5 b6 30. a5 bxa5 31. bxc5 dxc5 32. Bxc5 Rxd5 33. Rxd5 Rd8 34. Be3 Ra8 35. Kb3
a4+ 36. Ka3 Kc6 37. g5 Nxg5 38. Bxg5 fxg5 39. Rxe5 Rg8 40. Kxa4 g4 41. fxg4 Rxg4
42. Kb4 Rh4 43. Rf5 Rxe4 44. Rxf7  1-0

[Event "3rd 4NCL Easter Congress"]
[Site "Mercure Daventry Court Hotel"]
[Date "2023.04.08"]
[Round "2"]
[Board "10"]
[White "Gordon, Sean"]
[Black "Khoury, Theo"]
[Result "0-1"]
[WhiteElo "1753"]
[BlackElo "2020"]
[PlyCount "120"]
[EventDate "2023.04.07"]
[EventRounds "7"]
[EventCountry "ENG"]

1. Nf3 d5 2. g3 Nd7 3. d4 Nb6 4. Bg2 Bf5 5. O-O Nf6 6. b3 e6 7. a4 a5 8. Nbd2 Be7
9. Bb2 Ne4 10. Ne5 h5 11. h3 Bd6 12. Nxe4 dxe4 13. Nc4 Nxc4 14. bxc4 c6 15. d5 exd5
16. cxd5 c5 17. Qd2 f6 18. c4 b6 19. Qe3 O-O 20. f3 Qd7 21. g4 hxg4 22. fxg4 Bg6
23. Bc3 Bc7 24. Qf2 Qd6 25. Bh1 e3 26. Qg2 Be4 27. Rf3 Bxf3 28. exf3 Qf4 29. Qe2
Be5 30. Rc1 Qg3+ 31. Bg2 Qh2+ 32. Kf1 Bf4 33. Ke1 Rfe8 34. Kd1 Qg1+ 35. Kc2 Qf2 36.
Bf1 Kf7 37. Kd3 g6 38. Rb1 Rab8 39. Be1 Qg1 40. Rb2 f5 41. Qg2 Qxg2 42. Bxg2 fxg4
43. fxg4 e2 44. Rxe2 Rxe2 45. Kxe2 Re8+ 46. Kf2 Bg3+ 47. Kxg3 Rxe1 48. h4 Rc1 49.
d6 Ke6 50. h5 Rc3+ 51. Kh4 gxh5 52. Kxh5 Kxd6 53. Bd5 Rh3+ 54. Kg6 b5 55. axb5 a4
56. Be4 a3 57. Bb1 Rb3 58. Ba2 Rb2 59. g5 Rxa2 60. Kf7 Rf2+  0-1

[Event "3rd 4NCL Easter Congress"]
[Site "Mercure Daventry Court Hotel"]
[Date "2023.04.08"]
[Round "2"]
[Board "11"]
[White "Chan, Sheng Liang Bernard"]
[Black "Isik, Muhammed Oguz"]
[Result "0-1"]
[WhiteElo "2043"]
[BlackElo "1683"]
[PlyCount "68"]
[EventDate "2023.04.07"]
[EventRounds "7"]
[EventCountry "ENG"]

1. e4 e6 2. d4 d5 3. Nd2 c5 4. exd5 Qxd5 5. Ngf3 cxd4 6. Bc4 Qd6 7. O-O Nf6 8. Nb3
Nc6 9. Nbxd4 Be7 10. c3 a6 11. a4 O-O 12. Qe2 Nxd4 13. Nxd4 e5 14. Nf3 e4 15. Nd4
Ng4 16. g3 Qg6 17. f3 Ne5 18. Ba2 Bh3 19. Rd1 Bc5 20. Qxe4 Qh5 21. Bd5 Nxf3+ 22.
Qxf3 Bg4 23. Qg2 Bxd1 24. Bf4 Rae8 25. Kf1 Bxd4 26. cxd4 Re2 27. Bf3 Re1+ 28. Kxe1
Bxf3 29. Qf2 Re8+ 30. Be3 Qd5 31. Ra3 Bg4 32. Kd2 Qa5+ 33. Rc3 Qxa4 34. Qf4 Qd1#
 0-1

[Event "3rd 4NCL Easter Congress"]
[Site "Mercure Daventry Court Hotel"]
[Date "2023.04.08"]
[Round "2"]
[Board "12"]
[White "Dicen, Elis Denele"]
[Black "Verma, Aditya"]
[Result "0-1"]
[WhiteElo "1872"]
[BlackElo "2149"]
[PlyCount "126"]
[EventDate "2023.04.07"]
[EventRounds "7"]
[EventCountry "ENG"]

1. d4 d5 2. c4 e6 3. Nc3 Nf6 4. cxd5 exd5 5. Bg5 c6 6. e3 Nbd7 7. Bd3 Be7 8. Qc2
O-O 9. Nge2 h6 10. Bh4 Re8 11. O-O Nf8 12. f3 b5 13. Bf2 Bd7 14. Nd1 Rc8 15. e4 dxe4
16. fxe4 Ne6 17. Qd2 Ng4 18. h3 Nxf2 19. Nxf2 Bg5 20. Qc3 Qb6 21. e5 c5 22. d5 Nd4
23. Nxd4 cxd4 24. Qb3 Rxe5 25. Ne4 Be3+ 26. Kh1 Rce8 27. d6 Be6 28. Qc2 Bd5 29. d7
Rd8 30. Ng3 Rxd7 31. Nf5 Qc6 32. Qe2 Be4 33. Rad1 Bxd3 34. Rxd3 Qe4 35. Nxe3 Rde7
36. Rfd1 dxe3 37. Rd8+ Kh7 38. R8d4 Qg6 39. Rd6 Qg3 40. Rf1 Rg5 41. Rdd1 Qe5 42.
Rf3 Qe6 43. Re1 Re5 44. Qd3+ g6 45. b3 e2 46. Qd2 Rd7 47. Qc3 Rd1 48. Rd3 Rxe1+ 49.
Qxe1 Rf5 50. Rf3 Rxf3 51. gxf3 Qxh3+ 52. Kg1 Qxf3 53. Qd2 Qf1+ 54. Kh2 e1=Q 55. Qxe1
Qxe1 56. a4 bxa4 57. bxa4 Qe3 58. a5 h5 59. a6 Qf3 60. Kg1 Qe2 61. Kh1 h4 62. Kg1
h3 63. Kh1 Qg2#  0-1

[Event "3rd 4NCL Easter Congress"]
[Site "Mercure Daventry Court Hotel"]
[Date "2023.04.08"]
[Round "2"]
[Board "13"]
[White "Villiers, Thomas"]
[Black "Moyse, Nigel J"]
[Result "1-0"]
[WhiteElo "2160"]
[BlackElo "1968"]
[PlyCount "123"]
[EventDate "2023.04.07"]
[EventRounds "7"]
[EventCountry "ENG"]

1. e4 d6 2. d4 Nf6 3. Nc3 g6 4. Nf3 Bg7 5. h3 c6 6. a4 O-O 7. Bd3 Nbd7 8. e5 Nd5
9. Nxd5 cxd5 10. exd6 e5 11. dxe5 Nxe5 12. Nxe5 Bxe5 13. O-O Qxd6 14. Qf3 Bd7 15.
Rd1 Bc6 16. Bb5 a6 17. Bxc6 bxc6 18. c4 d4 19. b4 Rfd8 20. Rb1 c5 21. Ba3 cxb4 22.
Bxb4 Qd7 23. Re1 f6 24. Ba5 Rdb8 25. Rb4 Rxb4 26. Qxa8+ Rb8 27. Qxa6 Rb2 28. Qa8+
Kg7 29. Qe4 d3 30. c5 Qd4 31. Qxd4 Bxd4 32. Rd1 Rxf2 33. Kh1 Bxc5 34. Rxd3 Ra2 35.
Rd7+ Kg8 36. Bc3 Rxa4 37. Bxf6 Bf8 38. Kh2 Rf4 39. Bd4 Rf7 40. Rd8 Rf5 41. Kg3 h6
42. Ra8 Kf7 43. Kh2 Bd6+ 44. Kg1 Rd5 45. Be3 h5 46. Kf2 Ke6 47. Ra6 Kf5 48. Kf3 Ke6
49. Bf4 Rd1 50. Kg3 g5 51. Rxd6+ Rxd6 52. Bxd6 Kxd6 53. h4 Ke5 54. hxg5 Kf5 55. Kh4
Kg6 56. g3 Kg7 57. Kxh5 Kh7 58. g6+ Kg7 59. Kg5 Kg8 60. Kh6 Kh8 61. g7+ Kg8 62. g4
 1-0

[Event "3rd 4NCL Easter Congress"]
[Site "Mercure Daventry Court Hotel"]
[Date "2023.04.08"]
[Round "2"]
[Board "14"]
[White "Sandhu, Manvith"]
[Black "Yoon, Jacob D"]
[Result "0-1"]
[WhiteElo "1860"]
[BlackElo "2050"]
[PlyCount "76"]
[EventDate "2023.04.07"]
[EventRounds "7"]
[EventCountry "ENG"]

1. e4 g6 2. d4 Bg7 3. Nc3 d6 4. Be3 a6 5. Qd2 b5 6. a3 Nd7 7. Nf3 Bb7 8. Bd3 Rc8
9. O-O c5 10. Rfe1 Ngf6 11. Bh6 O-O 12. Bxg7 Kxg7 13. Bf1 b4 14. axb4 cxb4 15. Nd1
Qb6 16. Bd3 e5 17. d5 Nc5 18. b3 Nxd3 19. Qxd3 a5 20. Qd2 Ba6 21. Nb2 Rc7 22. Rac1
Rfc8 23. h3 Bb5 24. Re3 Rc3 25. Nd3 Bxd3 26. Rxd3 Nxe4 27. Qe2 Rxd3 28. Qxe4 Rxb3
29. h4 Rbc3 30. h5 R8c4 31. Qe2 b3 32. Nd2 Rxc2 33. h6+ Kxh6 34. Qxc4 Rxc4 35. Rxc4
b2 36. Rh4+ Kg7 37. Ra4 b1=Q+ 38. Nxb1 Qxb1+  0-1

[Event "3rd 4NCL Easter Congress"]
[Site "Mercure Daventry Court Hotel"]
[Date "2023.04.08"]
[Round "2"]
[Board "15"]
[White "Hertog, Alexander"]
[Black "Walker, Martin G"]
[Result "0-1"]
[WhiteElo "1585"]
[BlackElo "2083"]
[PlyCount "94"]
[EventDate "2023.04.07"]
[EventRounds "7"]
[EventCountry "ENG"]

1. d4 Nf6 2. c4 g6 3. Nf3 Bg7 4. g3 O-O 5. Bg2 d5 6. b3 dxc4 7. bxc4 c5 8. O-O Nc6
9. Bb2 Qb6 10. Qb3 Nh5 11. e3 Rd8 12. Ne5 Na5 13. Qxb6 axb6 14. Na3 Bxe5 15. dxe5
Be6 16. Rfc1 Rd3 17. Bf1 Rd7 18. Rd1 Rxd1 19. Rxd1 Nc6 20. Rd2 Ng7 21. Bg2 Ne8 22.
f4 f6 23. exf6 exf6 24. Bd5 Kf7 25. e4 Ke7 26. Re2 Kf7 27. f5 gxf5 28. exf5 Bxd5
29. cxd5 Ne7 30. d6 Nxd6 31. Re6 Nexf5 32. Rxf6+ Ke7 33. g4 Rg8 34. h3 h5 35. Nb5
hxg4 36. Nxd6 gxh3+ 37. Kh2 Rg2+ 38. Kxh3 Rxb2 39. Nc4 Kxf6 40. Nxb2 Ke5 41. Nc4+
Kd4 42. Nxb6 c4 43. Nxc4 Kxc4 44. Kg4 Nd4 45. Kf4 b5 46. Ke4 b4 47. Ke3 Kc3  0-1

[Event "3rd 4NCL Easter Congress"]
[Site "Mercure Daventry Court Hotel"]
[Date "2023.04.08"]
[Round "2"]
[Board "16"]
[White "Fava, Lorenzo"]
[Black "Turner, Lewis A"]
[Result "1-0"]
[WhiteElo "2107"]
[BlackElo "1825"]
[PlyCount "71"]
[EventDate "2023.04.07"]
[EventRounds "7"]
[EventCountry "ENG"]

1. d4 Nf6 2. c4 g6 3. g3 Bg7 4. Bg2 O-O 5. Nc3 d6 6. Nf3 c5 7. O-O Nc6 8. d5 Na5
9. Qd3 a6 10. Nd2 e6 11. Nde4 Nxe4 12. Bxe4 e5 13. Bg2 Rb8 14. b3 b5 15. Bd2 b4 16.
Na4 e4 17. Bxe4 Bxa1 18. Rxa1 Qf6 19. Rb1 Re8 20. Bg2 Bd7 21. Nb2 Nb7 22. e4 a5 23.
Qc2 Qg7 24. Na4 f5 25. Nb6 fxe4 26. Nxd7 Qxd7 27. Bxe4 Qg7 28. h4 Nd8 29. h5 gxh5
30. Kg2 Nf7 31. Rh1 Re7 32. Rxh5 h6 33. Bc1 Rbe8 34. Bb2 Qg4 35. Bf3 Re2 36. Qd3
 1-0

[Event "3rd 4NCL Easter Congress"]
[Site "Mercure Daventry Court Hotel"]
[Date "2023.04.08"]
[Round "2"]
[Board "17"]
[White "Garcia-Ruiz, Aitor"]
[Black "Guha, Chirag"]
[Result "1/2-1/2"]
[WhiteElo "2078"]
[BlackElo "1725"]
[PlyCount "126"]
[EventDate "2023.04.07"]
[EventRounds "7"]
[EventCountry "ENG"]

1. d4 d5 2. c4 e6 3. Nc3 Nf6 4. cxd5 exd5 5. Bg5 Bb4 6. Qa4+ Nc6 7. e3 h6 8. Bh4
g5 9. Bg3 Ne4 10. Bb5 Bd7 11. Nge2 h5 12. O-O-O Bxc3 13. bxc3 h4 14. f3 Nxg3 15.
hxg3 a6 16. Bxc6 Bxc6 17. Qc2 Qe7 18. e4 Qa3+ 19. Qb2 Qxb2+ 20. Kxb2 dxe4 21. f4
O-O-O 22. fxg5 hxg3 23. Nxg3 Rxh1 24. Rxh1 Rg8 25. Re1 Rxg5 26. Nxe4 Rxg2+ 27. Kb3
f5 28. Nc5 a5 29. Rf1 b6 30. Nd3 Bd5+ 31. c4 Be4 32. Ne5 Rd2 33. d5 b5 34. cxb5 Rxd5
35. Ng6 Rxb5+ 36. Kc4 Rb2 37. Ne7+ Kd7 38. Nxf5 Bxf5 39. Rxf5 Rxa2 40. Kb3 Ra1 41.
Kb2 Ra4 42. Kb3 Rb4+ 43. Kc3 Kc6 44. Rxa5 Rb5 45. Ra6+ Kc5 46. Rh6 Rb1 47. Rh5+ Kb6
48. Rh8 Rc1+ 49. Kb2 Rd1 50. Rb8+ Kc5 51. Kc2 Rd5 52. Rh8 Kc4 53. Rh7 c5 54. Rh4+
Kb5 55. Kc3 Rg5 56. Rh3 Rg1 57. Kb3 c4+ 58. Kc3 Rc1+ 59. Kb2 Rd1 60. Kc3 Rd5 61.
Rg3 Kc5 62. Rh3 Kb5 63. Rg3 Kc5  1/2-1/2

[Event "3rd 4NCL Easter Congress"]
[Site "Mercure Daventry Court Hotel"]
[Date "2023.04.08"]
[Round "2"]
[Board "18"]
[White "Subramanian, Anusha"]
[Black "James, Russell A"]
[Result "1/2-1/2"]
[WhiteElo "1827"]
[BlackElo "2068"]
[PlyCount "103"]
[EventDate "2023.04.07"]
[EventRounds "7"]
[EventCountry "ENG"]

1. c4 g6 2. Nc3 Nf6 3. g3 Bg7 4. Bg2 O-O 5. e4 e5 6. Nge2 c6 7. O-O a6 8. d4 d6 9.
a4 Nbd7 10. b3 exd4 11. Nxd4 Re8 12. Ba3 Nc5 13. Bxc5 dxc5 14. Nde2 Bg4 15. f3 Bd7
16. Qc2 b5 17. cxb5 axb5 18. axb5 Rxa1 19. Rxa1 cxb5 20. Rd1 Qb6 21. Kh1 Bc6 22.
Nf4 c4 23. Ncd5 Bxd5 24. Nxd5 Nxd5 25. exd5 Qa5 26. bxc4 bxc4 27. Qxc4 Re1+ 28. Rxe1
Qxe1+ 29. Bf1 Bd4 30. Qe2 Qxe2 31. Bxe2 Bc5 32. Kg2 g5 33. h4 h6 34. f4 gxf4 35.
gxf4 Kg7 36. Kg3 f5 37. Bd3 Kf6 38. h5 Bd6 39. Kf3 Bc7 40. Ke3 Bb6+ 41. Kf3 Bc7 42.
Bc2 Bb8 43. Ke3 Ba7+ 44. Kd3 Bb8 45. Ke3 Ba7+ 46. Kf3 Bb8 47. Ba4 Bc7 48. Bd7 Bb8
49. Be6 Bc7 50. Ke3 Bb6+ 51. Kd3 Bc7 52. Ke3  1/2-1/2

[Event "3rd 4NCL Easter Congress"]
[Site "Mercure Daventry Court Hotel"]
[Date "2023.04.08"]
[Round "2"]
[Board "19"]
[White "Gurner, Jem"]
[Black "Vijayakumar, Rishi"]
[Result "0-1"]
[WhiteElo "1851"]
[BlackElo "1846"]
[PlyCount "94"]
[EventDate "2023.04.07"]
[EventRounds "7"]
[EventCountry "ENG"]

1. e4 c6 2. d4 d5 3. e5 Bf5 4. h4 h6 5. g4 Bd7 6. h5 c5 7. c3 cxd4 8. cxd4 Nc6 9.
Nc3 e6 10. f4 a6 11. Nf3 Qb6 12. a3 Rc8 13. Na4 Qa7 14. Be3 b5 15. Nc5 Nxd4 16. b4
Bxc5 17. bxc5 Nxf3+ 18. Qxf3 d4 19. Bxd4 Bc6 20. Qh3 Bxh1 21. Qxh1 Ne7 22. Bg2 O-O
23. Qg1 Rfd8 24. g5 Nf5 25. Bf2 Qd7 26. Be4 Qd2+ 27. Kf1 Qxf4 28. Bxf5 Qxf5 29. gxh6
Qd3+ 30. Kg2 Qe4+ 31. Kf1 Qc4+ 32. Kg2 Qg4+ 33. Kf1 Rd1+ 34. Rxd1 Qxd1+ 35. Be1 Qd3+
36. Kg2 gxh6 37. Kh2+ Kh7 38. Qf2 Qf5 39. Qxf5+ exf5 40. Bf2 a5 41. Kg3 b4 42. axb4
axb4 43. Kf4 b3 44. Bd4 Rxc5 45. Kxf5 Rc4 46. Bb2 Rc2 47. Bd4 b2  0-1

[Event "3rd 4NCL Easter Congress"]
[Site "Mercure Daventry Court Hotel"]
[Date "2023.04.08"]
[Round "2"]
[Board "20"]
[White "Gardiner, Eric D"]
[Black "Burrows, Martin P"]
[Result "0-1"]
[WhiteElo "1860"]
[BlackElo "2121"]
[PlyCount "92"]
[EventDate "2023.04.07"]
[EventRounds "7"]
[EventCountry "ENG"]

1. e4 c5 2. c3 d5 3. exd5 Qxd5 4. d4 e6 5. Nf3 Nf6 6. Na3 Qd8 7. Nc4 Be7 8. Bd3 Nbd7
9. O-O O-O 10. Bf4 Nd5 11. Bg3 b5 12. Ne3 c4 13. Bc2 Bb7 14. Ne5 f5 15. Nxd5 Bxd5
16. Qd2 Nf6 17. Bh4 Rb8 18. b3 cxb3 19. axb3 Qc7 20. Rfc1 Bd6 21. c4 bxc4 22. bxc4
Ba8 23. f4 Bb4 24. Qe3 Ne4 25. Be1 a5 26. Ba4 Rfd8 27. Bb5 Qd6 28. Bxb4 axb4 29.
c5 Qc7 30. Bc4 Bd5 31. Ra6 Re8 32. Bxd5 exd5 33. Qb3 Nc3 34. Rxc3 bxc3 35. Qxd5+
Kh8 36. Ra2 Rb1+ 37. Kf2 Rb2+ 38. Rxb2 cxb2 39. Nf7+ Qxf7 40. Qxf7 Rb8 41. Qxf5 b1=Q
42. Qxb1 Rxb1 43. c6 Rc1 44. d5 Kg8 45. Ke3 Kf7 46. Kd4 Ke7  0-1

[Event "3rd 4NCL Easter Congress"]
[Site "Mercure Daventry Court Hotel"]
[Date "2023.04.08"]
[Round "2"]
[Board "21"]
[White "Madhavan, Sanjith"]
[Black "Thompson, Ian D"]
[Result "1/2-1/2"]
[WhiteElo "1961"]
[BlackElo "2078"]
[PlyCount "98"]
[EventDate "2023.04.07"]
[EventRounds "7"]
[EventCountry "ENG"]

1. e4 e6 2. d4 d5 3. Nd2 Be7 4. c3 c5 5. dxc5 a5 6. exd5 exd5 7. Ngf3 Nf6 8. Bd3
O-O 9. O-O Nc6 10. Re1 Bxc5 11. Nb3 Bd6 12. Nbd4 Bg4 13. h3 Bh5 14. Qa4 Nd7 15. Nxc6
bxc6 16. Bg5 f6 17. Qh4 Bg6 18. Bxg6 hxg6 19. Qg4 Nc5 20. Be3 Nd3 21. Re2 Qe8 22.
c4 Ne5 23. Nxe5 fxe5 24. cxd5 cxd5 25. Rd1 Qf7 26. f3 d4 27. Bf2 Qxa2 28. Qxg6 Rf6
29. Qe4 Rb8 30. Rdd2 Qf7 31. Bg3 Re8 32. Kh2 Rfe6 33. Qd3 Rg6 34. Re4 a4 35. Rde2
Rb8 36. Qd2 Bb4 37. Qc2 Rd8 38. Qd3 Qb3 39. R4e3 Qf7 40. Bxe5 Rd5 41. Re4 Rxe5 42.
Rxe5 Qf4+ 43. Kg1 Rc6 44. Kf2 Qh4+ 45. Kg1 Rc1+ 46. Kh2 Bd6 47. Qf5 Qf6 48. Qe4 d3
49. Qa8+ Kh7  1/2-1/2

[Event "3rd 4NCL Easter Congress"]
[Site "Mercure Daventry Court Hotel"]
[Date "2023.04.08"]
[Round "2"]
[Board "22"]
[White "Cast, Julian"]
[Black "Mason, Donald J"]
[Result "0-1"]
[WhiteElo "1890"]
[BlackElo "2067"]
[PlyCount "66"]
[EventDate "2023.04.07"]
[EventRounds "7"]
[EventCountry "ENG"]

1. d4 Nf6 2. Nf3 g6 3. e3 Bg7 4. Be2 O-O 5. O-O d5 6. b4 a5 7. b5 c5 8. a4 Ne4 9.
Bb2 Nd7 10. c4 Nb6 11. Qc2 Bf5 12. Nh4 Rc8 13. Nxf5 gxf5 14. Rd1 cxd4 15. Bxd4 Bxd4
16. Rxd4 e5 17. Rd1 Nxc4 18. Bxc4 Rxc4 19. Qd3 Qh4 20. Ra2 Rfc8 21. f3 Nc3 22. Nxc3
Rxc3 23. Qxf5 Rc1 24. Rad2 R8c2 25. Qxc2 Rxc2 26. Rxc2 Qxa4 27. Rc8+ Kg7 28. Rdc1
Qxb5 29. R8c5 Qe2 30. R5c3 b5 31. h3 b4 32. R3c2 Qxe3+ 33. Kh1 b3  0-1

[Event "3rd 4NCL Easter Congress"]
[Site "Mercure Daventry Court Hotel"]
[Date "2023.04.08"]
[Round "2"]
[Board "23"]
[White "McCumiskey, Andrew P"]
[Black "Kothari, Jai"]
[Result "1-0"]
[WhiteElo "2001"]
[BlackElo "1722"]
[PlyCount "81"]
[EventDate "2023.04.07"]
[EventRounds "7"]
[EventCountry "ENG"]

1. d4 Nf6 2. Nc3 d6 3. e4 Nbd7 4. Nf3 e5 5. Bg5 c6 6. Bc4 Be7 7. O-O O-O 8. a4 Nxe4
9. Bxe7 Qxe7 10. Nxe4 d5 11. Bd3 dxe4 12. Bxe4 f5 13. Bd3 e4 14. Bc4+ Kh8 15. Nd2
Nf6 16. Re1 Qb4 17. Qc1 f4 18. c3 Qe7 19. Nxe4 Nxe4 20. f3 Qh4 21. Rxe4 Qf6 22. Qd2
Bd7 23. Rae1 Qd6 24. Re5 Rf6 25. Qe2 Raf8 26. Re7 c5 27. d5 Rf5 28. Bb3 Rh5 29. c4
a5 30. Bc2 Rg8 31. b3 b6 32. Re5 Rh6 33. Bf5 Rf6 34. Bxd7 Qxd7 35. Re6 Rf5 36. Rxb6
Rh5 37. Qe6 Qd8 38. Rb7 h6 39. Qe7 Qc8 40. Re6 Rg5 41. Rxh6+  1-0

[Event "3rd 4NCL Easter Congress"]
[Site "Mercure Daventry Court Hotel"]
[Date "2023.04.08"]
[Round "2"]
[Board "24"]
[White "Briggs, John Nicholas"]
[Black "Liu, Jason"]
[Result "0-1"]
[WhiteElo "1994"]
[BlackElo "1965"]
[PlyCount "66"]
[EventDate "2023.04.07"]
[EventRounds "7"]
[EventCountry "ENG"]

1. Nf3 Nf6 2. d3 d5 3. Nbd2 Bg4 4. e4 dxe4 5. dxe4 Nbd7 6. Be2 e5 7. O-O Bc5 8. Ng5
Bxe2 9. Qxe2 O-O 10. Ngf3 Re8 11. Nc4 Qe7 12. Bg5 Qe6 13. Rad1 b5 14. Bxf6 Nxf6 15.
Ncd2 Rab8 16. a3 Nh5 17. Nh4 Nf4 18. Qf3 g6 19. Kh1 Be7 20. g3 Bxh4 21. gxf4 exf4
22. c3 Qe5 23. Rde1 Rbd8 24. Nb3 c5 25. Qg4 Bf6 26. Qf3 Re6 27. Qe2 a6 28. f3 Red6
29. Rd1 b4 30. axb4 cxb4 31. Nd4 bxc3 32. bxc3 Qc5 33. Nb3 Qxc3  0-1